<?xml version="1.0" encoding="UTF-8"?>
<record
    xmlns:xsi="http://www.w3.org/2001/XMLSchema-instance"
    xsi:schemaLocation="http://www.loc.gov/MARC21/slim http://www.loc.gov/standards/marcxml/schema/MARC21slim.xsd"
    xmlns="http://www.loc.gov/MARC21/slim">

  <leader>00673nam a2200145Ia 4500</leader>
  <controlfield tag="008">100122s9999    xx            000 0 und d</controlfield>
  <datafield tag="082" ind1=" " ind2=" ">
    <subfield code="b">44092</subfield>
    <subfield code="a">808.5</subfield>
  </datafield>
  <datafield tag="100" ind1=" " ind2=" ">
    <subfield code="a">&#x91A;&#x935;&#x94D;&#x939;&#x93E;&#x923; &#x92F;&#x936;&#x935;&#x902;&#x924;&#x930;&#x93E;&#x935;</subfield>
  </datafield>
  <datafield tag="245" ind1=" " ind2=" ">
    <subfield code="a">&#x92F;&#x936;&#x935;&#x902;&#x924;&#x930;&#x93E;&#x935; &#x91A;&#x935;&#x94D;&#x939;&#x93E;&#x923; &#x935;&#x93F;&#x927;&#x940;&#x92E;&#x902;&#x921;&#x933;&#x93E;&#x924;&#x940;&#x932; &#x92D;&#x93E;&#x937;&#x923;&#x947; &#x916;&#x902;&#x921; - 1</subfield>
  </datafield>
  <datafield tag="260" ind1=" " ind2=" ">
    <subfield code="b">&#x92A;&#x940;.&#x92C;&#x940;.&#x92A;&#x93E;&#x91F;&#x940;&#x932;</subfield>
    <subfield code="c">1989</subfield>
  </datafield>
  <datafield tag="300" ind1=" " ind2=" ">
    <subfield code="a">311</subfield>
  </datafield>
  <datafield tag="630" ind1=" " ind2=" ">
    <subfield code="a">&#x92F;&#x936;&#x935;&#x902;&#x924;&#x930;&#x93E;&#x935; &#x91A;&#x935;&#x94D;&#x939;&#x93E;&#x923; &#x935;&#x93F;&#x927;&#x940;&#x92E;&#x902;&#x921;&#x933;&#x93E;&#x924;&#x940;&#x932; &#x92D;&#x93E;&#x937;&#x923;&#x947; &#x916;&#x902;&#x921; - 1</subfield>
  </datafield>
  <datafield tag="730" ind1=" " ind2=" ">
    <subfield code="a">&#x92F;&#x936;&#x935;&#x902;&#x924;&#x930;&#x93E;&#x935; &#x91A;&#x935;&#x94D;&#x939;&#x93E;&#x923; &#x935;&#x93F;&#x927;&#x940;&#x92E;&#x902;&#x921;&#x933;&#x93E;&#x924;&#x940;&#x932; &#x92D;&#x93E;&#x937;&#x923;&#x947; &#x916;&#x902;&#x921; - 1</subfield>
  </datafield>
  <datafield tag="942" ind1=" " ind2=" ">
    <subfield code="c">BOOK</subfield>
  </datafield>
  <datafield tag="999" ind1=" " ind2=" ">
    <subfield code="c">423939</subfield>
    <subfield code="d">423936</subfield>
  </datafield>
  <datafield tag="952" ind1=" " ind2=" ">
    <subfield code="0">0</subfield>
    <subfield code="1">0</subfield>
    <subfield code="4">0</subfield>
    <subfield code="7">0</subfield>
    <subfield code="a">SVPPARLE</subfield>
    <subfield code="b">SVPPARLE</subfield>
    <subfield code="d">1990-07-22</subfield>
    <subfield code="g">200.00</subfield>
    <subfield code="l">0</subfield>
    <subfield code="o">44092</subfield>
    <subfield code="p">SVPPARLE-44092</subfield>
    <subfield code="r">2010-01-25 00:00:00</subfield>
    <subfield code="v">200.00</subfield>
    <subfield code="w">2010-01-25</subfield>
    <subfield code="y">BOOK</subfield>
    <subfield code="z">General NA</subfield>
  </datafield>
</record>
